000
00312nam a22001337a 4500
020
_a
0-333-24531-8
082
_a
620.104 MAL'F
100
_a
MALTBACH, J. C
_9
74420
245
_a
FURTHER ENGINEERING DYNAMICS
260
_a
NEWYORK
_b
MACMILLAN
_c
1980
300
_a
177P
650
_a
DYNAMICS
_9
7202
942
_c
BK
999
_c
579953
_d
579953